Taylor Swift - Suburban Legends Lyrics - Statistics

General Stats
  • This quiz has been taken 34 times
  • The average score is 257 of 308
Answer Stats
Answer % Correct
a
100%
be
100%
born
100%
I
100%
In
100%
in
100%
legends
100%
my
100%
suburban
100%
to
100%
We
100%
were
100%
You
100%
you
100%
hold
95%
holds
95%
it
95%
me
95%
on
95%
that
95%
That
95%
the
95%
when
95%
When
95%
who
95%
And
91%
and
91%
called
91%
come
91%
didn't
91%
forever
91%
friends
91%
had
91%
here
91%
make
91%
numbers
91%
people
91%
together
91%
too
91%
up
91%
your
91%
broke
86%
cause
86%
do
86%
gonna
86%
heart
86%
kiss
86%
own
86%
peripheral
86%
polite
86%
that's
86%
Tick
86%
tock
86%
unmarked
86%
vision
86%
clock
82%
don't
82%
down
82%
screw
82%
way
82%
with
82%
With
82%
always
77%
block
77%
of
77%
pace
77%
was
77%
whole
77%
1950's
73%
door
73%
like
73%
school
73%
so
73%
Would
73%
would
73%
almost
68%
anymore
68%
came
68%
gymnasium
68%
knock
68%
let
68%
obnoxious
68%
slide
68%
standin'
68%
am
64%
at
64%
dash
64%
knew
64%
national
64%
out
64%
ruined
64%
treasures
64%
back
59%
can
59%
crash
59%
currency
59%
life
59%
magnetic
59%
plastic
59%
quickly
59%
shore
59%
signs
59%
summer
59%
Waves
59%
forgiven
55%
know
55%
mismatched
55%
now
55%
see
55%
slippery
55%
star
55%
cool
50%
empty
50%
life's
50%
more
50%
old
50%
our
50%
pockets
50%
still
50%
surprise
50%
You'd
50%
All
45%
chapter
45%
diaries
45%
fantasy
45%
Flush
45%
get
45%
hose
45%
pages
45%
remember
45%
reunion
45%
we'd
45%
class
41%
ended
41%
maybe
41%
than
41%
told
41%
turnin'
41%
Walkin'
36%
kissed
32%
ripped
32%
No matching quizzes found
Score Distribution
Percent of People with Each Score
Percentile by Number Answered
Your Score History
You have not taken this quiz